Применение вертикальных конвейеров в тракте шихтоподачи доменного производства; Современные техника и технологии; Т. 1

Detaylı Bibliyografya
Parent link:Современные техника и технологии: сборник трудов XVII международной научно-практической конференции студентов, аспирантов и молодых ученых, Томск, 18-22 апреля 2011 г/ Национальный исследовательский Томский политехнический университет (ТПУ).— , 2011
Т. 1.— 2011.— [С. 443-445]
Yazar: Губин Д. А.
Diğer Yazarlar: Краснов И. Ю. Иван Юрьевич (научный руководитель)
Özet:Заглавие с титульного экрана
Dil:Rusça
Baskı/Yayın Bilgisi: 2011
Seri Bilgileri:Электромеханика
Konular:
Online Erişim:http://www.lib.tpu.ru/fulltext/c/2011/C01/V01/219.pdf
Materyal Türü: Elektronik Kitap Bölümü
KOHA link:https://koha.lib.tpu.ru/cgi-bin/koha/opac-detail.pl?biblionumber=235150

MARC

LEADER 00000naa2a2200000 4500
001 235150
005 20260310092117.0
035 |a (RuTPU)RU\TPU\book\256280 
035 |a RU\TPU\book\256245 
090 |a 235150 
100 |a 20130405d2011 k y0rusy50 ca 
101 0 |a rus 
102 |a RU 
135 |a drnn ---uucaa 
181 0 |a i  
182 0 |a b 
200 1 |a Применение вертикальных конвейеров в тракте шихтоподачи доменного производства  |f Д. А. Губин, И. Ю. Краснов  |g науч. рук. И. Ю. Краснов 
203 |a Текст  |c электронный 
225 1 |a Электромеханика 
300 |a Заглавие с титульного экрана 
320 |a [Библиогр.: с. 445 (6 назв.)] 
337 |a Adobe Reader 
461 1 |0 (RuTPU)RU\TPU\book\255301  |t Современные техника и технологии  |o сборник трудов XVII международной научно-практической конференции студентов, аспирантов и молодых ученых, Томск, 18-22 апреля 2011 г  |o в 3 т.  |f Национальный исследовательский Томский политехнический университет (ТПУ)  |d 2011 
463 1 |0 (RuTPU)RU\TPU\book\255306  |t Т. 1  |v [С. 443-445]  |d 2011 
610 1 |a труды учёных ТПУ 
610 1 |a электронный ресурс 
610 1 |a применение 
610 1 |a вертикальные конвейеры 
610 1 |a шихтоподачи 
610 1 |a доменное производство 
700 1 |a Губин  |b Д. А. 
701 1 |a Краснов  |b И. Ю.  |c специалист в области электротехники  |c доцент Томского политехнического университета, кандидат технических наук  |f 1981-  |g Иван Юрьевич  |3 (RuTPU)RU\TPU\pers\25675 
702 1 |a Краснов  |b И. Ю.  |c специалист в области электротехники  |c доцент Томского политехнического университета, кандидат технических наук  |f 1981-  |g Иван Юрьевич  |4 727 
801 2 |a RU  |b 63413507  |c 20160124  |g RCR 
856 4 |u http://www.lib.tpu.ru/fulltext/c/2011/C01/V01/219.pdf 
942 |c CF